| 000 | 00601nam a2200229Ia 4500 | ||
|---|---|---|---|
| 008 | 160621s9999 xx 000 0 und d | ||
| 020 | _a971-8613-16-1 | ||
| 050 | _aComSc Z 52.5 | ||
| 050 | _b.W65M87 1991 | ||
| 100 | _aMurray, Katherine. | ||
| 245 | _a10 minute guide to WordPerfect 5.1 / | ||
| 245 | _cKatherine Murray, Doug Sabotin. | ||
| 260 | _aIndiana : | ||
| 260 | _bSams Pub., | ||
| 260 | _c1991 | ||
| 300 | _a141 pages : | ||
| 300 | _billustrations ; | ||
| 300 | _c21 cm. | ||
| 500 | _aIncludes index. | ||
| 650 | _aWordPerfect (Computer file). | ||
| 650 | _xWord processing. | ||
| 999 |
_c296133 _d296133 |
||